Las pequeñas industrias (Record no. 165104)

MARC details
000 -LEADER
campo de control de longitud fija 00771nam a2200193 i 4500
001 - NÚMERO DE CONTROL
campo de control 165104
003 - IDENTIFICADOR DE NÚMERO DE CONTROL
campo de control ES-MaACL
005 - FECHA Y HORA DE LA ÚLTIMA TRANSACCIÓN
campo de control 20250817024657.0
008 - DATOS DE LONGITUD FIJA--INFORMACIÓN GENERAL
campo de control de longitud fija 931025s1870 sp |||| | spa d
080 ## - NÚMERO DE LA CLASIFICACIÓN DECIMAL UNIVERSAL
Número de la Clasificación Decimal Universal 821.134.2-31"18"
100 1# - ENTRADA PRINCIPAL--NOMBRE DE PERSONA
Nombre de persona Seco y Shelly, Manuel (
Fechas asociadas al nombre m. 1877)
9 (RLIN) 149506
245 14 - MENCIÓN DEL TÍTULO
Título Las pequeñas industrias
Resto del título : (historia de un labrador) /
Mención de responsabilidad, etc. por Manuel Seco y Shelly.
260 ## - PUBLICACIÓN, DISTRIBUCIÓN, ETC.
Lugar de publicación, distribución, etc. Madrid :
Nombre del editor, distribuidor, etc. Medina y Navarro,
Fecha de publicación, distribución, etc. 1870 (
Fabricante Imp. de la Biblioteca de Instrucción y Recreo)
300 ## - DESCRIPCIÓN FÍSICA
Extensión 256 p. ;
Dimensiones 18 cm.
490 1# - MENCIÓN DE SERIE
Mención de serie Biblioteca Económica de Instrucción y Recreo
830 00 - PUNTO DE ACCESO ADICIONAL DE SERIE-TÍTULO UNIFORME
Título uniforme Biblioteca económica de instrucción y recreo
9 (RLIN) 182441
852 ## - LOCALIZACIÓN
Ubicación ES-MaACL
Número de control de estantería C-3567
Nota libre -- Rust. muy deteriorada
-- -- Legado M. de la Fuente
Holdings
Estatus retirado Estado de pérdida Estado de daño No para préstamo Colección Biblioteca de origen Biblioteca actual Ubicación en estantería Fecha de adquisición Fuente de adquisición Total de préstamos Signatura topográfica completa Código de barras Visto por última vez Precio de reemplazo Tipo de ítem Koha
        Libros del s. XIX Biblioteca del Ateneo de Madrid Biblioteca del Ateneo de Madrid Sala Palomar 17/01/2008     C-3567 1173116 23/02/2023 23/02/2023 Libro impreso antiguo